| 000 | 01592 a2200301 4500 | ||
|---|---|---|---|
| 001 | TB12853 | ||
| 003 | IN-BhIIT | ||
| 005 | 20260617174517.0 | ||
| 008 | 260617b |||||||| |||| 00| 0 eng d | ||
| 020 | _a9781119428343 (hbk.) | ||
| 040 | _aIN-BhIIT | ||
| 041 | _aeng | ||
| 082 |
_a551.462 _bNAG/K |
||
| 100 |
_aNagai, Takeyoshi _eAuthor _928015 |
||
| 245 |
_aKuroshio current : _bphysical, biogeochemical, and ecosystem dynamics / _cTakeyoshi Nagai, Hiroaki Saito, Koji Suzuki, Motomitsu Takahashi |
||
| 260 |
_aWashington D.C : _bAGU Publication, _c2019. |
||
| 300 |
_ax, 312 p. : _bill. ; _c32 cm. |
||
| 504 | _aIncludes bibliographical references and index. | ||
| 520 | _aThe surface water of the Kuroshio, a western boundary current in the North Pacific Ocean, is nutrient-depleted and has relatively low primary productivity, yet abundant fish populations are supported in the region. This is called the “Kuroshio Paradox”. Kuroshio Current: Physical, Biogeochemical and Ecosystem Dynamics presents research from a multidisciplinary team that conducted observational and modeling studies to investigate this contradiction. This timely and important contribution to the ocean sciences literature provides a comprehensive analysis of the Kuroshio. | ||
| 650 |
_aOcean currents _92152 |
||
| 650 |
_aOcean circulation _96604 |
||
| 650 |
_aKuroshio _928025 |
||
| 650 |
_aOcean engineering _928026 |
||
| 700 |
_aSaito, Hiroaki _eJoint author _928016 |
||
| 700 |
_aSuzuki, Koji _eJoint author _928017 |
||
| 700 |
_aTakahashi, Motomitsu _eJoint author _928018 |
||
| 942 | _cTB | ||
| 999 |
_c15555 _d15555 |
||